Miasta i lokalizacje w Red Dead Redemption 2 (RDR2) - Statystyki

Ogólne statystyki
  • Ten quiz został rozwiązany 298 razy
    137 od ostatniego zresetowania
  • Średni wynik to 11 z 20
Statystyki odpowiedzi
Stan -Wskazówka- Lokacja (location) % Poprawnych
New Hanover Westernowe miasteczkoz saloonem, fryzjerem, rzeźnikiem itd. Valentine
97%
Lemoyne Duże Miasto, wzorowane Na Nowym Orleanie, Potwonie duże i świetnie rozwinięte. Saint Denis
93%
Lemoyne Miasteczko, w którym Odbyła się krwawa strzelanina z udziałem Gangu Van Der Linde Rhodes
83%
New Hanover Miasto, zanieczyszczone przez kopalnie, doszło tam Do strzelaniny Annesburg
82%
West Elizabeth Większe Miasto, wystę-puje w obu częściach gry Blackwater
82%
New Hanover Miasteczko, ranczo, w Którym możesz sprze- dawać dyliżanse Emerald Ranch
79%
West Elizabeth Miasteczko, znajdujące się w lasach i górach Strawberry
74%
New Hanover Osada Portowa, w którejroi się od bandytów, zagrasz tu w pokera, stracisz Konia i poznasz karła oraz Niepełnosprawnego Wielkoluda którego pobijesz Van Horn Trading Post
73%
New Austin Miasteczko wyniszczoneprzez pandemię Armadillo
59%
Lemoyne Dom, później Obóz w IV Roz. Shady belle
52%
West Elizabeth Farma Marstonów, którąJohn buduje w epilogu Beecher's hope
50%
New Austin Miasteczko opanowanePrzez bandytów Tumbleweed
49%
Lemoyne Bagienna wioska, którązamieszkują rybacy i myśliwi Lagras
44%
Ambarino Opuszczona Osada górnicza Colter
41%
New hanover Dzika wieś, zamieszkiwanaprzez wieśniaków i Jednego szamana Butcher creek
37%
Ambarino Ranczo adlerów,Zostaje spalone Adler Ranch
27%
New Austin Dawny fort wojskowyPrzejęty przez Del Lobos Fort Mercer
27%
West Elizabeth Ranczo, które jest Mieszkaniem i pracą Johna w I epilogu Pronghorn Ranch
25%
Lemoyne Opuszczone mias-teczko wyludnione przez pandemię Pleasence
6%
New Austin Siedziba bandytów w new Austin Twins Rocks
2%
Nie znaleziono quizów pasujących do podanych kryteriów
Rozkład punktacji
Procent ludzi z każdym wynikiem
Percentyl według liczby udzielonych odpowiedzi
Twoja historia wyników
Nie rozwiązałeś tego quizu od ostatniego zresetowania